000
00283nam a22001217a 4500
008
170413b xxu||||| |||| 00| 0 eng d
041
_a
eng
080
_a
612.39
100
_a
10
101
_a
shm
245
_a
CREATIVE FOOD EXPERIENCES FOR CHILDREN
_c
GOODWIN, M.T
942
_2
udc
_c
BK
999
_c
10632
_d
10632